[Event "Plunge op 32nd"]
[Site "Plunge"]
[Date "2012.07.22"]
[Round "9"]
[White "Beinoras, Mindaugas"]
[Black "Savickas, Airidas"]
[Result "1/2-1/2"]
[WhiteElo "2354"]
[BlackElo "2372"]
[PlyCount "73"]
[EventDate "2012.07.16"]
[EventType "swiss"]
[EventRounds "9"]
[EventCountry "LTU"]
[SourceTitle "EXT 2013"]
[Source "ChessBase"]
[SourceDate "2012.11.22"]
[SourceVersion "1"]
[SourceVersionDate "2012.11.22"]
[SourceQuality "1"]

1. d4 Nf6 2. Bg5 e6 3. e4 c5 4. e5 h6 5. Bc1 Nd5 6. c4 Nc7 7. dxc5 Nc6 8. Nf3 Bxc5 9. a3 d5 10. b4 Be7 11. Nc3 0-0 12. cxd5 Nxd5 13. Nxd5 Qxd5 14. Qxd5 exd5 15. Bb2 f6 16. Rd1 Be6 17. exf6 Bxf6 18. Bxf6 Rxf6 19. Be2 Re8 20. 0-0 Bf7 21. Rd2 Ne5 22. Nxe5 Rxe5 23. Bf3 Rc6 24. Rd3 Kf8 25. Rfd1 Ke7 26. h3 Kd6 27. R1d2 b6 28. g3 Rc4 29. Bg2 g5 30. Rf3 Rc1+ 31. Kh2 Ke7 32. Rfd3 Kd6 33. Rd4 Rce1 34. Bf3 Rc1 35. Bg2 Rce1 36. Bf3 Rc1 37. Bg2 1/2-1/2

[Event "Plunge op 32nd"]
[Site "Plunge"]
[Date "2012.07.17"]
[Round "3"]
[White "Rimeikis, Andrius"]
[Black "Savickas, Airidas"]
[Result "1/2-1/2"]
[WhiteElo "2091"]
[BlackElo "2372"]
[PlyCount "195"]
[EventDate "2012.07.16"]
[EventType "swiss"]
[EventRounds "9"]
[EventCountry "LTU"]
[SourceTitle "EXT 2013"]
[Source "ChessBase"]
[SourceDate "2012.11.22"]
[SourceVersion "1"]
[SourceVersionDate "2012.11.22"]
[SourceQuality "1"]

1. e4 c5 2. Nf3 d6 3. Bb5+ Nd7 4. c3 Ngf6 5. Qe2 a6 6. Ba4 b5 7. Bc2 e5 8. 0-0 Be7 9. Re1 0-0 10. d3 Re8 11. Nbd2 Nf8 12. a4 Bd7 13. Nf1 Ng6 14. axb5 axb5 15. Rxa8 Qxa8 16. Bb3 Bf8 17. Bg5 Be7 18. Ne3 h6 19. Bxf6 Bxf6 20. Nd5 Bd8 21. Nd2 Be6 22. Qf1 Qb7 23. Ra1 Bg5 24. Qd1 Ra8 25. Rxa8+ Qxa8 26. Nf1 Nf4 27. Nxf4 Bxf4 28. Bxe6 fxe6 29. h4 Qa4 30. b3 Qa3 31. g3 Bc1 32. c4 b4 33. Qg4 Kf7 34. Qh5+ g6 35. Qf3+ Ke7 36. Qd1 Qb2 37. Kg2 h5 38. Kf3 Bh6 39. Ne3 Kd7 40. Qc2 Qa1 41. Nd1 Kc6 42. Ke2 Qa6 43. Qb2 Qa3 44. Qxa3 bxa3 45. Nc3 Bc1 46. Na2 Bb2 47. Kf3 Kd7 48. Ke2 Bd4 49. Kf3 Bb2 50. Ke2 d5 51. Ke3 d4+ 52. Ke2 Bc3 53. Kf3 Ke7 54. Nc1 Kf7 55. Na2 Kf6 56. Kg2 g5 57. Kh2 Kg6 58. Kg2 Ba5 59. Kh3 Bd8 60. Nc1 Kf7 61. Na2 Ke8 62. Nc1 Kd7 63. Na2 Kc6 64. Nc1 Kb6 65. Na2 Ka5 66. hxg5 Bxg5 67. f4 exf4 68. gxf4 Bxf4 69. Kh4 Kb6 70. Kxh5 Kc6 71. Kg4 Bd2 72. Kf3 Kd6 73. Ke2 Ba5 74. Kf3 Ke5 75. Nc1 Kf6 76. Na2 Kg5 77. Kg3 e5 78. Nc1 Bb4 79. Na2 Bd2 80. Kf3 Kh4 81. Ke2 Bc3 82. Kf3 Kh3 83. Nc1 Ba5 84. Na2 Bd2 85. Kf2 Bc3 86. Nc1 Bd2 87. Na2 Be3+ 88. Ke2 Bh6 89. Kf2 Be3+ 90. Ke2 Bg5 91. b4 cxb4 92. Nxb4 Be7 93. Na2 Kg3 94. Nc1 Bf8 95. Na2 Be7 96. Nc1 Bb4 97. Na2 Bc5 98. Nc1 1/2-1/2

[Event "LTU-chT"]
[Site "Lithuania"]
[Date "2012.03.04"]
[Round "7"]
[White "Savickas, Airidas"]
[Black "Vaitonis, Vytautas"]
[Result "1-0"]
[WhiteElo "2374"]
[BlackElo "2034"]
[PlyCount "65"]
[EventDate "2012.01.21"]
[EventType "team-swiss"]
[EventRounds "7"]
[EventCountry "LTU"]
[SourceTitle "EXT 2013"]
[Source "ChessBase"]
[SourceDate "2012.11.22"]
[SourceVersion "1"]
[SourceVersionDate "2012.11.22"]
[SourceQuality "1"]
[WhiteTeam "Kaunas Trys nuliai"]
[BlackTeam "Klaipeda Bokstas"]
[WhiteTeamCountry "LTU"]
[BlackTeamCountry "LTU"]

1. e4 c5 2. Nf3 d6 3. d4 cxd4 4. Nxd4 Nf6 5. Nc3 a6 6. Be2 e6 7. f4 Qc7 8. 0-0 Nc6 9. Kh1 Be7 10. Be3 Bd7 11. Qe1 0-0-0 12. Qf2 Rdf8 13. a4 h5 14. Ndb5 Qb8 15. Na7+ Kd8 16. Bb6+ Ke8 17. Nxc6 Bxc6 18. Bf3 Nd7 19. Bd4 e5 20. Be3 exf4 21. Bxf4 g5 22. Be3 Ne5 23. Bd4 Rh7 24. Be2 Qc8 25. Rad1 h4 26. Nd5 Bxd5 27. exd5 Rh6 28. c3 Rf6 29. Qe3 Rxf1+ 30. Rxf1 f6 31. Bh5+ Kd8 32. Bb6+ Kd7 33. Bg4+ 1-0

[Event "LTU-chT"]
[Site "Lithuania"]
[Date "2012.02.12"]
[Round "5"]
[White "Savickas, Airidas"]
[Black "Solys, Laimutis"]
[Result "1-0"]
[WhiteElo "2374"]
[BlackElo "2335"]
[PlyCount "129"]
[EventDate "2012.01.21"]
[EventType "team-swiss"]
[EventRounds "7"]
[EventCountry "LTU"]
[SourceTitle "CBM 146 Extra"]
[Source "ChessBase"]
[SourceDate "2012.02.29"]
[SourceVersion "1"]
[SourceVersionDate "2012.02.29"]
[SourceQuality "1"]
[WhiteTeam "Kaunas Trys nuliai"]
[BlackTeam "Kaunas Margiris"]
[WhiteTeamCountry "LTU"]
[BlackTeamCountry "LTU"]

1. c4 Nf6 2. Nc3 d5 3. cxd5 Nxd5 4. g3 g6 5. Bg2 Nxc3 6. bxc3 Bg7 7. Nf3 0-0 8. 0-0 c5 9. Rb1 Nd7 10. c4 Nb6 11. d3 Bd7 12. Bb2 Qc7 13. Bxg7 Kxg7 14. Qd2 Bc6 15. Qa5 Qd6 16. Nd2 Bxg2 17. Kxg2 Qc6+ 18. Kg1 Nd7 19. Qb5 Qxb5 20. Rxb5 b6 21. a4 a5 22. f4 Rac8 23. Ne4 Rc6 24. Nc3 e6 25. Kf2 Re8 26. g4 h6 27. h4 f6 28. Rb2 Kf7 29. Kf3 f5 30. g5 hxg5 31. hxg5 Rh8 32. Kg3 Rh5 33. Rbb1 Rc8 34. Rh1 Rch8 35. Rxh5 Rxh5 36. e3 Ke7 37. Ne2 Kd6 38. Ng1 e5 39. Nf3 exf4+ 40. exf4 Rh7 41. Nh4 Rg7 42. Ng2 Re7 43. Kf3 Rh7 44. Kg3 Re7 45. Rh1 Re2 46. Rh6 Nf8 47. Nh4 Re3+ 48. Kf2 Rxd3 49. Nxg6 Nxg6 50. Rxg6+ Ke7 51. Rxb6 Rd4 52. Ke3 Rxc4 53. Rf6 Rxa4 54. Rxf5 Ra3+ 55. Ke4 c4 56. Rc5 c3 57. Kd4 Ra1 58. Rxc3 a4 59. Ke5 Re1+ 60. Kf5 Rb1 61. Rc7+ Kf8 62. Ra7 Rb4 63. g6 Rb5+ 64. Kf6 Rb6+ 65. Kg5 1-0

[Event "LTU-chT 4th 0809"]
[Site "Lithuania"]
[Date "2008.12.14"]
[Round "4.12"]
[White "Grabliauskas, Virginijus"]
[Black "Savickas, Airidas"]
[Result "0-1"]
[WhiteElo "2427"]
[BlackElo "2358"]
[PlyCount "76"]
[EventDate "2008.11.08"]
[EventType "team"]
[EventRounds "9"]
[EventCountry "LTU"]
[SourceTitle "EXT 2024"]
[Source "ChessBase"]
[SourceDate "2023.10.10"]
[SourceVersion "1"]
[SourceVersionDate "2023.10.10"]
[SourceQuality "1"]

1. d4 Nf6 2. c4 g6 3. Nc3 Bg7 4. e4 d6 5. Nf3 0-0 6. Be2 e5 7. 0-0 Nc6 8. d5 Ne7 9. Ne1 Nd7 10. Be3 f5 11. f3 f4 12. Bf2 g5 13. a4 Ng6 14. a5 Kh8 15. Nd3 Nf6 16. c5 Rg8 17. cxd6 cxd6 18. Ra4 h5 19. Nb5 g4 20. Rc4 g3 21. hxg3 fxg3 22. Bxg3 h4 23. Bh2 Nh5 24. f4 Nhxf4 25. Nxf4 Nxf4 26. Rxf4 exf4 27. Bxf4 Be5 28. Bf1 Bg4 29. Bxe5+ dxe5 30. Qe1 Rg7 31. d6 Qg5 32. Rc5 Rf8 33. Nd4 h3 34. Qg3 Qf6 35. Nf3 Bxf3 36. Qxh3+ Rh7 37. Qxf3 Qh6 38. Qh3 Qf4 0-1

[Event "WMSG Rapid Team 1st"]
[Site "Beijing"]
[Date "2008.10.14"]
[Round "2"]
[White "Irie, Yuki"]
[Black "Savickas, Airidas"]
[Result "0-1"]
[WhiteElo "2021"]
[BlackElo "2358"]
[PlyCount "93"]
[EventDate "2008.10.14"]
[EventType "team (rapid)"]
[EventRounds "9"]
[EventCountry "CHN"]
[SourceTitle "CBM 126 Extra"]
[Source "ChessBase"]
[SourceDate "2008.11.05"]
[SourceVersion "1"]
[SourceVersionDate "2008.11.05"]
[SourceQuality "1"]

1. e4 d6 2. d4 Nf6 3. Bd3 e5 4. c3 Nc6 5. d5 Ne7 6. Ne2 Ng6 7. 0-0 Be7 8. Na3 0-0 9. h3 Nh5 10. Qc2 Bg5 11. Nc4 Bxc1 12. Raxc1 Nhf4 13. Nxf4 Nxf4 14. Kh2 Qh4 15. Rh1 Nxd3 16. Qxd3 Qf4+ 17. Qg3 Qxe4 18. Ne3 f5 19. Rce1 f4 20. Qh4 Qd3 21. Rd1 Qe2 22. Rde1 Qxb2 23. Ng4 Qxa2 24. c4 Qc2 25. f3 Qg6 26. Kg1 b6 27. Qe7 Bxg4 28. hxg4 Rf7 29. Qh4 h6 30. Re4 a5 31. Kf2 a4 32. Ra1 a3 33. Ra2 Rff8 34. Qh1 Ra4 35. Qd1 Rfa8 36. Qb3 R4a5 37. Re1 h5 38. gxh5 Qg3+ 39. Kf1 Qh4 40. Qd3 Qxh5 41. Ke2 Qh7 42. Qc3 Rc5 43. Rea1 Ra4 44. Rxa3 Raxc4 45. Ra8+ Kf7 46. Qe1 Rc2+ 47. Kf1 0-1

[Event "WMSG Blitz Team 1st"]
[Site "Beijing"]
[Date "2008.10.13"]
[Round "8"]
[White "Friedel, Joshua E"]
[Black "Savickas, Airidas"]
[Result "1-0"]
[WhiteElo "2498"]
[BlackElo "2358"]
[PlyCount "49"]
[EventDate "2008.10.13"]
[EventType "tourn (blitz)"]
[EventRounds "11"]
[EventCountry "CHN"]
[SourceTitle "CBM 126 Extra"]
[Source "ChessBase"]
[SourceDate "2008.11.05"]
[SourceVersion "1"]
[SourceVersionDate "2008.11.05"]
[SourceQuality "1"]

1. e4 d6 2. d4 Nf6 3. Nc3 c6 4. f4 Qa5 5. Bd3 e5 6. Nf3 Nbd7 7. 0-0 Be7 8. Kh1 0-0 9. Be3 Re8 10. Qe1 Qc7 11. fxe5 dxe5 12. dxe5 Ng4 13. Bf4 Ngxe5 14. Qg3 Bf6 15. Nd4 Nc5 16. Bh6 Qe7 17. Nf5 Bxf5 18. Rxf5 Kh8 19. Raf1 Ng6 20. Be3 Nd7 21. Ne2 Be5 22. Qh3 f6 23. Rh5 Ngf8 24. Nf4 Kg8 25. Bc4+ 1-0

[Event "WMSG Blitz Team 1st"]
[Site "Beijing"]
[Date "2008.10.13"]
[Round "2"]
[White "Savickas, Airidas"]
[Black "Livshits, Gaby"]
[Result "0-1"]
[WhiteElo "2358"]
[BlackElo "2427"]
[PlyCount "98"]
[EventDate "2008.10.13"]
[EventType "tourn (blitz)"]
[EventRounds "11"]
[EventCountry "CHN"]
[SourceTitle "CBM 126 Extra"]
[Source "ChessBase"]
[SourceDate "2008.11.05"]
[SourceVersion "1"]
[SourceVersionDate "2008.11.05"]
[SourceQuality "1"]

1. e4 c5 2. Nf3 e6 3. d4 cxd4 4. Nxd4 a6 5. Nc3 b5 6. Bd3 Qb6 7. Nb3 Qc7 8. 0-0 Bb7 9. Qe2 Nc6 10. f4 d6 11. Be3 Nf6 12. Rae1 Be7 13. Qf3 0-0 14. Qg3 Rfe8 15. Nd4 Bf8 16. Nxc6 Qxc6 17. e5 Nd5 18. Be4 b4 19. Nxd5 exd5 20. Bd3 dxe5 21. fxe5 g6 22. Bd4 Bc5 23. c3 Qb6 24. Qf2 Bxd4 25. cxd4 Re7 26. Qh4 Rae8 27. Kh1 Bc8 28. Rf6 Re6 29. Ref1 Rxf6 30. Qxf6 Qxf6 31. Rxf6 Be6 32. Rf2 Rc8 33. Rc2 Rxc2 34. Bxc2 f6 35. Kg1 fxe5 36. dxe5 d4 37. a3 bxa3 38. bxa3 Kf7 39. Bd3 a5 40. Kf2 Bd5 41. Bf1 Ke6 42. Ke1 Kxe5 43. Kd2 g5 44. g3 h5 45. Be2 h4 46. Bg4 Be6 47. Bf3 Bf5 48. Bg2 Kd6 49. Bf3 Ke5 0-1

[Event "WMSG Blitz Team 1st"]
[Site "Beijing"]
[Date "2008.10.13"]
[Round "4"]
[White "Savickas, Airidas"]
[Black "Mekhitarian, Krikor Sevag"]
[Result "1-0"]
[WhiteElo "2358"]
[BlackElo "2511"]
[PlyCount "127"]
[EventDate "2008.10.13"]
[EventType "tourn (blitz)"]
[EventRounds "11"]
[EventCountry "CHN"]
[SourceTitle "CBM 126 Extra"]
[Source "ChessBase"]
[SourceDate "2008.11.05"]
[SourceVersion "1"]
[SourceVersionDate "2008.11.05"]
[SourceQuality "1"]

1. e4 c5 2. Nf3 e6 3. Nc3 a6 4. d4 cxd4 5. Nxd4 b5 6. Bd3 Qb6 7. Nb3 Qc7 8. 0-0 Bb7 9. Qe2 d6 10. f4 Nd7 11. Bd2 Ngf6 12. Rae1 h5 13. a3 Rc8 14. e5 dxe5 15. fxe5 Ng4 16. Bf4 Nc5 17. Nd2 Rd8 18. h3 Nxd3 19. cxd3 Nh6 20. Qxh5 Rxd3 21. Nde4 a5 22. Nd6+ Bxd6 23. exd6 Qb6+ 24. Rf2 g6 25. Qe5 Rh7 26. Nxb5 Rd5 27. Nc7+ Qxc7 28. dxc7 Rxe5 29. Bxe5 Kd7 30. Rd2+ Bd5 31. Rc1 Kc8 32. b4 a4 33. b5 f6 34. Bd6 Nf5 35. Bb4 Rxc7 36. Rxc7+ Kxc7 37. Ba5+ Kd6 38. b6 Kc6 39. Rc2+ Kb7 40. Rc7+ Ka6 41. Bc3 Kxb6 42. Rf7 Nd6 43. Rxf6 g5 44. Rg6 Kc6 45. Bd2 Nc4 46. Bc1 Kc5 47. Rxg5 Kd4 48. h4 Kc3 49. Rg3+ Kc2 50. Bf4 Be4 51. h5 Nb6 52. Bd6 Nd5 53. h6 Nf6 54. Be5 Nd7 55. Bg7 Nc5 56. Rc3+ Kd2 57. Rxc5 Bh7 58. Rc7 e5 59. Bxe5 Bf5 60. h7 Bxh7 61. Rxh7 Kd3 62. Ra7 Kc4 63. Rxa4+ Kb5 64. Rd4 1-0

[Event "Panevezys op-A"]
[Site "Panevezys"]
[Date "2008.08.16"]
[Round "7"]
[White "Labuckas, Aidas"]
[Black "Savickas, Airidas"]
[Result "1-0"]
[WhiteElo "2288"]
[BlackElo "2351"]
[PlyCount "157"]
[EventDate "2008.08.12"]
[EventType "swiss"]
[EventRounds "9"]
[EventCountry "LTU"]
[SourceTitle "CBM 125 Extra"]
[Source "ChessBase"]
[SourceDate "2008.09.01"]
[SourceVersion "1"]
[SourceVersionDate "2008.09.01"]
[SourceQuality "1"]

1. d4 Nf6 2. g3 g6 3. Bg2 Bg7 4. e4 d6 5. Nc3 c6 6. Nge2 0-0 7. 0-0 e5 8. h3 b5 9. dxe5 dxe5 10. Qxd8 Rxd8 11. Be3 Bb7 12. Rfd1 Nbd7 13. a3 Bf8 14. f3 Nb6 15. Rxd8 Rxd8 16. Rd1 Ra8 17. Bxb6 axb6 18. f4 Bc5+ 19. Kh2 Bc8 20. Rd8+ Kg7 21. fxe5 Nd7 22. b4 Bf8 23. e6 fxe6 24. e5 Nxe5 25. Nxb5 Be7 26. Re8 Kf7 27. Nc7 Rb8 28. Nd4 Bd6 29. Ndxe6 Nc4 30. Nd8+ Kf6 31. Nxc6 Bxc7 32. Nxb8 Nd6 33. Rf8+ Ke7 34. Rxc8 Nxc8 35. Nc6+ Ke6 36. c4 Ne7 37. Nd4+ Kd7 38. Be4 Be5 39. Nb3 Bb2 40. a4 Bc3 41. c5 bxc5 42. Nxc5+ Kc7 43. Nd3 Nc6 44. Bxc6 Kxc6 45. Kg2 Kd5 46. Kf3 Kd4 47. Ke2 h6 48. a5 Kd5 49. Kd1 Bd4 50. Kc2 Kc4 51. a6 Bb6 52. Ne5+ Kb5 53. Nxg6 Kxa6 54. g4 Kb5 55. Kb3 Bf2 56. Ne7 Be1 57. Nd5 Bf2 58. Nc3+ Kc6 59. Kc4 Bg1 60. Nd5 Kd6 61. Nf4 Ke5 62. Ne2 Bf2 63. Kd3 Ba7 64. b5 Bf2 65. Nc3 Kf4 66. Ke2 Bd4 67. Nd5+ Kg3 68. b6 Kxh3 69. b7 Be5 70. Kf3 Bb8 71. Nb4 Kh4 72. Na6 Bh2 73. Ke4 Kxg4 74. Kd5 h5 75. Kc6 h4 76. Nc7 Bxc7 77. Kxc7 h3 78. b8Q Kg3 79. Qb7 1-0

[Event "Panevezys op-A"]
[Site "Panevezys"]
[Date "2008.08.14"]
[Round "4"]
[White "Klimciauskas, Domantas"]
[Black "Savickas, Airidas"]
[Result "0-1"]
[WhiteElo "2222"]
[BlackElo "2351"]
[PlyCount "70"]
[EventDate "2008.08.12"]
[EventType "swiss"]
[EventRounds "9"]
[EventCountry "LTU"]
[SourceTitle "CBM 125 Extra"]
[Source "ChessBase"]
[SourceDate "2008.09.01"]
[SourceVersion "1"]
[SourceVersionDate "2008.09.01"]
[SourceQuality "1"]

1. e4 c5 2. Nf3 d6 3. d4 cxd4 4. Nxd4 Nf6 5. Nc3 g6 6. Be3 Bg7 7. f3 Nc6 8. Qd2 0-0 9. Bc4 Bd7 10. 0-0-0 Rb8 11. Bb3 Na5 12. Bh6 Bxh6 13. Qxh6 b5 14. h4 e5 15. Nde2 b4 16. Nd5 Nxb3+ 17. axb3 Nxd5 18. Rxd5 Rb6 19. h5 g5 20. Rxd6 f6 21. Rhd1 Rxd6 22. Rxd6 Qe7 23. Rd2 a5 24. Ng3 Be6 25. Nf5 Bxf5 26. exf5 Ra8 27. Kd1 a4 28. bxa4 Rxa4 29. Ke2 Ra8 30. Rd3 Ra2 31. Rb3 Qc5 32. Rd3 Qxc2+ 33. Rd2 Rxb2 34. Rxc2 Rxc2+ 35. Ke3 Rc6 0-1

[Event "Panevezys op-A"]
[Site "Panevezys"]
[Date "2008.08.13"]
[Round "2"]
[White "Macenis, Audrius"]
[Black "Savickas, Airidas"]
[Result "1/2-1/2"]
[WhiteElo "2128"]
[BlackElo "2351"]
[PlyCount "88"]
[EventDate "2008.08.12"]
[EventType "swiss"]
[EventRounds "9"]
[EventCountry "LTU"]
[SourceTitle "CBM 125 Extra"]
[Source "ChessBase"]
[SourceDate "2008.09.01"]
[SourceVersion "1"]
[SourceVersionDate "2008.09.01"]
[SourceQuality "1"]

1. e4 d6 2. d4 Nf6 3. Nc3 c6 4. a4 e5 5. Nf3 Nbd7 6. Bc4 Be7 7. 0-0 0-0 8. Qe2 b6 9. Rd1 Qc7 10. dxe5 Nxe5 11. Nxe5 dxe5 12. f3 Nd7 13. Be3 a6 14. Qf2 Bc5 15. Bxc5 Nxc5 16. a5 Rb8 17. axb6 Qxb6 18. b3 Be6 19. Na4 Nxa4 20. Rxa4 Bxc4 21. Rxc4 Rfc8 22. Qxb6 Rxb6 23. Rd7 Kf8 24. Kf2 Ke8 25. Ra7 c5 26. Ra4 Rcc6 27. Ke3 Kf8 28. Ra5 g6 29. Kd3 Rd6+ 30. Kc4 Rd2 31. Kxc5 Rb8 32. c4 Rxb3 33. R5xa6 Kg7 34. Ra2 Rbb2 35. Rxb2 Rxb2 36. Ra1 Rxg2 37. Rc1 Kf6 38. h4 h5 39. Kd6 Rd2+ 40. Kc7 Ke7 41. c5 Rd3 42. Rf1 Rd7+ 43. Kb6 Rd3 44. Kc7 Rd7+ 1/2-1/2

[Event "Panevezys op-A"]
[Site "Panevezys"]
[Date "2008.08.13"]
[Round "3"]
[White "Savickas, Airidas"]
[Black "Kalvaitis, Sigitas"]
[Result "1-0"]
[WhiteElo "2351"]
[BlackElo "2256"]
[PlyCount "65"]
[EventDate "2008.08.12"]
[EventType "swiss"]
[EventRounds "9"]
[EventCountry "LTU"]
[SourceTitle "CBM 125 Extra"]
[Source "ChessBase"]
[SourceDate "2008.09.01"]
[SourceVersion "1"]
[SourceVersionDate "2008.09.01"]
[SourceQuality "1"]

1. a3 d5 2. Nf3 Bg4 3. e3 e5 4. c4 d4 5. h3 Bxf3 6. Qxf3 Nc6 7. d3 Nf6 8. e4 g6 9. g3 Bg7 10. h4 Qd6 11. Bh3 Nd8 12. b4 Ne6 13. Nd2 c5 14. Rb1 b6 15. Kf1 Kd8 16. Kg2 Kc7 17. Nb3 cxb4 18. axb4 Qxb4 19. Bxe6 fxe6 20. Nxd4 Qxb1 21. Nxe6+ Kc6 22. Bh6 Qb4 23. Bxg7 Nd7 24. Bxh8 Rxh8 25. h5 Qe7 26. d4 g5 27. d5+ Kb7 28. h6 Rg8 29. Qf5 a5 30. Ng7 Nf6 31. Rd1 Rd8 32. Ne6 Rd6 33. Qxe5 1-0

[Event "LTU-ch"]
[Site "Kaunas"]
[Date "2008.05.24"]
[Round "10"]
[White "Narmontas, Matas"]
[Black "Savickas, Airidas"]
[Result "1/2-1/2"]
[WhiteElo "2376"]
[BlackElo "2373"]
[PlyCount "106"]
[EventDate "2008.05.17"]
[EventType "tourn"]
[EventRounds "11"]
[EventCountry "LTU"]
[EventCategory "8"]
[SourceTitle "CBM 124 Extra"]
[Source "ChessBase"]
[SourceDate "2008.07.03"]
[SourceVersion "1"]
[SourceVersionDate "2008.07.03"]
[SourceQuality "1"]

1. e4 e5 2. Nc3 Nf6 3. f4 d5 4. fxe5 Nxe4 5. Nf3 Be7 6. d4 0-0 7. Bd3 f5 8. Ne2 Be6 9. 0-0 c5 10. c3 Nc6 11. Be3 c4 12. Bc2 b5 13. Qe1 Rb8 14. Nf4 Qd7 15. Nd2 Nd8 16. Nxe4 fxe4 17. Qg3 Bf5 18. Nh5 Ne6 19. Nf6+ Bxf6 20. exf6 Bg6 21. fxg7 Nxg7 22. Bg5 Rbe8 23. Rae1 Rf5 24. Bd1 Ref8 25. Bg4 Rxf1+ 26. Rxf1 Rxf1+ 27. Kxf1 Bf5 28. Qb8+ Kf7 29. Be2 Bg6 30. Ke1 a5 31. Qb6 Bh5 32. Qf6+ Kg8 33. Bxh5 Nxh5 34. Qe5 Ng7 35. Bf6 Ne8 36. Qg5+ Kf7 37. Be5 Qe6 38. Qd8 e3 39. Qg5 b4 40. Qh5+ Kg8 41. Qg5+ Kf7 42. Ke2 h6 43. Qxe3 Qg6 44. Qf3+ Ke6 45. Qh3+ Ke7 46. Qh4+ Ke6 47. Qh3+ Ke7 48. Kd2 Qg5+ 49. Kd1 Qg6 50. Qh4+ Ke6 51. Qh3+ Ke7 52. Kd2 Qg5+ 53. Kd1 Qg6 1/2-1/2

[Event "LTU-ch"]
[Site "Kaunas"]
[Date "2008.05.17"]
[Round "1"]
[White "Malisauskas, Vidmantas"]
[Black "Savickas, Airidas"]
[Result "1/2-1/2"]
[WhiteElo "2489"]
[BlackElo "2373"]
[PlyCount "81"]
[EventDate "2008.05.17"]
[EventType "tourn"]
[EventRounds "11"]
[EventCountry "LTU"]
[EventCategory "8"]
[SourceTitle "CBM 124 Extra"]
[Source "ChessBase"]
[SourceDate "2008.07.03"]
[SourceVersion "1"]
[SourceVersionDate "2008.07.03"]
[SourceQuality "1"]

1. e4 c5 2. Nf3 d6 3. d4 cxd4 4. Nxd4 Nf6 5. Nc3 g6 6. Be3 Bg7 7. f3 Nc6 8. Qd2 0-0 9. 0-0-0 d5 10. exd5 Nxd5 11. Nxc6 bxc6 12. Bd4 Nxc3 13. Qxc3 Bh6+ 14. Be3 Bxe3+ 15. Qxe3 Qb6 16. Qxb6 axb6 17. a3 Be6 18. Re1 Rfd8 19. Bd3 Kg7 20. Re3 Rd6 21. Rhe1 c5 22. Bb5 Kf6 23. a4 Bd7 24. Bxd7 Rxd7 25. b3 e6 26. Kb2 Ke7 27. Kc3 Rad8 28. Kc4 Kd6 29. Rd3+ Kc6 30. Red1 Rxd3 31. Rxd3 Rd5 32. Rxd5 exd5+ 33. Kd3 b5 34. axb5+ Kxb5 35. c3 Kc6 36. Ke3 f6 37. h4 h6 38. g4 g5 39. h5 Kb5 40. Kd3 Kc6 41. Kd2 1/2-1/2

[Event "Krakow op 18th"]
[Site "Krakow"]
[Date "2007.12.30"]
[Round "5"]
[White "Samojlov, Anton"]
[Black "Savickas, Airidas"]
[Result "0-1"]
[WhiteElo "2270"]
[BlackElo "2368"]
[PlyCount "94"]
[EventDate "2007.12.27"]
[EventType "swiss"]
[EventRounds "9"]
[EventCountry "POL"]
[SourceTitle "CBM 122 Extra"]
[Source "ChessBase"]
[SourceDate "2008.03.04"]
[SourceVersion "1"]
[SourceVersionDate "2008.03.04"]
[SourceQuality "1"]

1. d4 Nf6 2. c4 c5 3. d5 b5 4. cxb5 a6 5. b6 Bb7 6. Nc3 e6 7. e4 exd5 8. exd5 d6 9. a4 a5 10. Bb5+ Nbd7 11. Nge2 Be7 12. 0-0 0-0 13. Nf4 Nxb6 14. Qf3 Ne8 15. Rd1 Nc7 16. Bc6 Rb8 17. Be3 Nc4 18. Bxc5 dxc5 19. Ne4 Bd6 20. Nh5 f6 21. Qg4 g6 22. Nhxf6+ Rxf6 23. Nxf6+ Qxf6 24. Qxc4 Ba6 25. Qc3 Be5 26. Qe1 Rxb2 27. d6 Re2 28. Qf1 Ne6 29. Rab1 Nd8 30. Bd5+ Kh8 31. d7 Bd4 32. Bf3 Rxf2 33. Qxf2 Bxf2+ 34. Kxf2 Bb7 35. Rb3 Kg7 36. Re3 Bxf3 37. Rxf3 Qh4+ 38. Kg1 Qxa4 39. Rd6 Qa1+ 40. Kf2 Qe5 41. Rd2 Qxh2 42. Re3 Qf4+ 43. Ke2 a4 44. Re7+ Kf6 45. Re8 Qc7 46. Kd1 a3 47. Kc2 Qb6 0-1

[Event "Four Nations U20"]
[Site "Oslo"]
[Date "2007.12.01"]
[Round "2"]
[White "Savickas, Airidas"]
[Black "Hammer, Jon Ludvig"]
[Result "1/2-1/2"]
[WhiteElo "2368"]
[BlackElo "2402"]
[PlyCount "180"]
[EventDate "2007.11.30"]
[EventType "team"]
[EventRounds "3"]
[EventCountry "NOR"]
[SourceTitle "CBM 121 Extra"]
[Source "ChessBase"]
[SourceDate "2008.01.10"]
[SourceVersion "1"]
[SourceVersionDate "2008.01.10"]
[SourceQuality "1"]

1. e4 e5 2. Bc4 Nf6 3. d3 Nc6 4. Nf3 h6 5. c3 d6 6. Bb3 g6 7. 0-0 Bg7 8. Re1 0-0 9. Nbd2 Na5 10. Bc2 c5 11. d4 cxd4 12. cxd4 exd4 13. Nxd4 Qb6 14. N4f3 d5 15. exd5 Nxd5 16. Nb3 Rd8 17. Qe2 Nxb3 18. Bxb3 Be6 19. Ne5 Re8 20. Nc4 Qc7 21. Bd2 Rad8 22. Rad1 Nf4 23. Bxf4 Qxf4 24. Na5 Rxd1 25. Qxd1 Qb4 26. Bxe6 Rxe6 27. Rxe6 fxe6 28. Nb3 Bxb2 29. g3 Bg7 30. Qc2 Kh7 31. h4 h5 32. Nc5 Qb2 33. Qxb2 Bxb2 34. Nxb7 Kg7 35. Nc5 Kf6 36. Kg2 Bd4 37. Nd3 Kf5 38. Kf3 e5 39. Ke2 e4 40. Nf4 Bc5 41. Nd5 Ke5 42. Nf4 Kf5 43. Nd5 g5 44. hxg5 Kxg5 45. f3 exf3+ 46. Kxf3 Bd6 47. Nc3 Kf5 48. Nb5 Bc5 49. Nxa7 Bxa7 50. Kg2 Kg4 51. a4 Bb6 52. Kh2 Ba5 53. Kg2 Bc7 54. a5 Bxa5 55. Kh2 Bc7 56. Kg2 Bd6 57. Kg1 Kh3 58. Kh1 Bc7 59. Kg1 Bb6+ 60. Kh1 Kg4 61. Kg2 Bc7 62. Kg1 Bb8 63. Kg2 Bd6 64. Kg1 Bf8 65. Kg2 Bg7 66. Kg1 Kf3 67. Kh2 Be5 68. Kh3 Bf6 69. Kh2 Kg4 70. Kg2 Be5 71. Kg1 Kf3 72. Kh1 Bc7 73. Kg1 Bb6+ 74. Kh2 Bc5 75. Kh3 Be7 76. Kh2 Kg4 77. Kg2 Bc5 78. Kh2 Bb6 79. Kg2 Ba7 80. Kh2 Bd4 81. Kg2 Be5 82. Kg1 Kh3 83. Kh1 Bc7 84. Kg1 Kg4 85. Kg2 Bd6 86. Kg1 Kf3 87. Kh1 Be5 88. Kg1 Bc7 89. Kh1 Kf2 90. g4 hxg4 1/2-1/2

[Event "Champions Challenge 219th"]
[Site "Playchess.com INT"]
[Date "2007.10.06"]
[Round "1.4"]
[White "Kanakaris, Georgios"]
[Black "Savickas, Airidas"]
[Result "1-0"]
[WhiteElo "2236"]
[BlackElo "2270"]
[PlyCount "75"]
[EventDate "2007.10.06"]
[EventType "k.o. (blitz)"]
[EventRounds "4"]
[EventCountry "GER"]
[SourceTitle "EXT 2010"]
[Source "ChessBase"]
[SourceDate "2010.11.25"]
[SourceVersion "1"]
[SourceVersionDate "2010.11.25"]
[SourceQuality "1"]

1. d4 Nf6 2. c4 c5 3. d5 b5 4. cxb5 a6 5. Nc3 g6 6. e4 d6 7. Nf3 Bg7 8. Be2 0-0 9. 0-0 axb5 10. Bxb5 Bg4 11. h3 Bxf3 12. Qxf3 Nfd7 13. Qe2 Qc8 14. Bg5 Re8 15. a4 Na6 16. Bc6 Rb8 17. Nb5 h6 18. Be3 Nb4 19. Rfc1 Nxc6 20. dxc6 Qxc6 21. Nc3 Ra8 22. Qd2 Kh7 23. b3 Reb8 24. Rab1 Bxc3 25. Rxc3 Qxe4 26. Re1 Qh4 27. Bf4 Re8 28. Rf3 f5 29. Qd5 Qf6 30. Re6 Qa1+ 31. Kh2 Nf8 32. Rxe7+ Rxe7 33. Qxa8 Ne6 34. Bxd6 Rd7 35. Qe8 Rxd6 36. Qe7+ Qg7 37. Qxd6 Qf6 38. Re3 1-0